[Event "Werfen op-A"]
[Site "Werfen"]
[Date "1994.??.??"]
[Round "?"]
[White "Lempert, Igor"]
[Black "Kaminik, Aleksandar"]
[Result "1-0"]
[WhiteElo "2510"]
[BlackElo "2205"]
[PlyCount "47"]
[EventDate "1994.08.??"]
[EventType "swiss"]
[EventRounds "9"]
[EventCountry "AUT"]
[SourceTitle "EXT 1998"]
[Source "ChessBase"]
[SourceDate "1997.11.17"]
[SourceVersion "1"]
[SourceVersionDate "1997.11.17"]
[SourceQuality "1"]

1. d4 Nf6 2. c4 g6 3. g3 Bg7 4. Bg2 0-0 5. Nc3 d6 6. Nf3 Nc6 7. 0-0 a6 8. Bg5 Bf5 9. d5 Na5 10. b3 c5 11. Qe1 b5 12. e4 Nxe4 13. Nxe4 Bxa1 14. Nxd6 Bd3 15. Bxe7 Qd7 16. Bxf8 Rxf8 17. Qxa1 Bxf1 18. Ne4 f5 19. Nf6+ Rxf6 20. Qxf6 Bxg2 21. Ne5 Qe8 22. Kxg2 bxc4 23. d6 Nb7 24. d7 1-0

[Event "Moscow"]
[Site "Moscow"]
[Date "1994.??.??"]
[Round "1"]
[White "Lempert, Igor"]
[Black "Petkevich, Jusefs"]
[Result "1-0"]
[WhiteElo "2495"]
[BlackElo "2445"]
[PlyCount "118"]
[EventDate "1994.??.??"]
[EventType "tourn"]
[EventRounds "14"]
[EventCountry "RUS"]
[EventCategory "9"]
[SourceTitle "CBM 040"]
[Source "ChessBase"]
[SourceDate "1994.06.01"]
[SourceVersion "1"]
[SourceVersionDate "1994.06.01"]
[SourceQuality "1"]

1. d4 g6 2. c4 Bg7 3. Nc3 f5 4. e4 d6 5. Nf3 c5 6. exf5 Bxf5 7. Be2 Nc6 8. Be3 Nf6 9. 0-0 Ng4 10. Bg5 h6 11. Bh4 cxd4 12. Nxd4 Nxd4 13. Bxg4 Qd7 14. h3 0-0 15. Rc1 Rf7 16. Re1 Re8 17. b3 e6 18. Ne4 Qc6 19. Qd3 Qa6 20. Qd2 Qc6 21. Qd3 a6 22. Bg3 e5 23. Qe3 Qd7 24. Be2 Be6 25. Red1 b6 26. Rd2 Qc6 27. Rcd1 Bc8 28. Nc3 Bb7 29. Nd5 a5 30. Bd3 Kh7 31. Be4 Qc5 32. Kh1 Nf5 33. Qd3 Bc8 34. Rc2 Be6 35. Bh2 Kh8 36. Bg1 Nd4 37. Rcd2 Bf5 38. f3 Kh7 39. a3 Qxa3 40. Bxd4 exd4 41. Nxb6 Rb8 42. Bxf5 Rxf5 43. Nd5 Rxb3 44. Qe4 Rb2 45. Rxb2 Qxb2 46. Rb1 Qa2 47. Rb7 Qa1+ 48. Rb1 Qa2 49. Rb7 Qa1+ 50. Kh2 d3 51. Qxd3 Qe5+ 52. f4 Qe6 53. Ra7 Rf7 54. Rxa5 h5 55. Ra2 Bh6 56. Re2 Qd7 57. Re7 Rxe7 58. Nf6+ Kg7 59. Nxd7 Rxd7 1-0

[Event "Moscow"]
[Site "Moscow"]
[Date "1994.??.??"]
[Round "3"]
[White "Lempert, Igor"]
[Black "Rausis, Igors"]
[Result "0-1"]
[WhiteElo "2495"]
[BlackElo "2495"]
[PlyCount "48"]
[EventDate "1994.??.??"]
[EventType "tourn"]
[EventRounds "14"]
[EventCountry "RUS"]
[EventCategory "9"]
[SourceTitle "CBM 040"]
[Source "ChessBase"]
[SourceDate "1994.06.01"]
[SourceVersion "1"]
[SourceVersionDate "1994.06.01"]
[SourceQuality "1"]

1. d4 g6 2. c4 Bg7 3. Nc3 c5 4. d5 Bxc3+ 5. bxc3 f5 6. e4 fxe4 7. h4 Qa5 8. Qb3 Nf6 9. Be2 d6 10. h5 Rg8 11. Nh3 Nbd7 12. hxg6 hxg6 13. Bf4 Nb6 14. Ng5 Bd7 15. Kd2 0-0-0 16. Rh6 Rdf8 17. g3 Ng4 18. Rh7 Nxf2 19. Rxe7 Re8 20. Rxe8+ Rxe8 21. Rf1 Ba4 22. Qb1 Nd3 23. Nxe4 Rxe4 24. Qxd3 Rd4 0-1

[Event "Alushta1"]
[Site "Alushta"]
[Date "1994.??.??"]
[Round "3"]
[White "Ovsejevitsch, Sergei"]
[Black "Lempert, Igor"]
[Result "1-0"]
[WhiteElo "2325"]
[BlackElo "2495"]
[PlyCount "130"]
[EventDate "1994.01.??"]
[EventType "tourn"]
[EventRounds "9"]
[EventCountry "UKR"]
[EventCategory "8"]
[SourceTitle "CBM 040"]
[Source "ChessBase"]
[SourceDate "1994.06.01"]
[SourceVersion "1"]
[SourceVersionDate "1994.06.01"]
[SourceQuality "1"]

1. d4 e6 2. Nf3 Nf6 3. c4 d5 4. Nc3 Bb4 5. cxd5 exd5 6. Bg5 h6 7. Bh4 g5 8. Bg3 Ne4 9. Nd2 Nxc3 10. bxc3 Bxc3 11. Rc1 Bb2 12. Bxc7 Qe7 13. Rb1 Ba3 14. Bxb8 Rxb8 15. Rb3 0-0 16. e3 Bd7 17. Bb5 Be6 18. 0-0 a6 19. Bd3 b5 20. Qh5 Bd6 21. Qxh6 f6 22. Re1 Qg7 23. Qxg7+ Kxg7 24. Rc1 Rfc8 25. Rbc3 Rxc3 26. Rxc3 Bd7 27. Nb3 Be8 28. Rc2 Ra8 29. Na5 Ra7 30. Bf5 b4 31. Be6 Bg6 32. Rc1 Bf7 33. Bxf7 Kxf7 34. Kf1 Ke6 35. Ke2 g4 36. h3 gxh3 37. gxh3 Rh7 38. Rc6 Kd7 39. Rxa6 Rxh3 40. Nb3 Rh1 41. Nc5+ Kc7 42. Kd3 Rf1 43. f4 Rd1+ 44. Kc2 Re1 45. Ne6+ Kd7 46. Ng7 Re2+ 47. Kd3 Rh2 48. Nf5 Bc7 49. Ra7 Rb2 50. Ra6 Rh2 51. Ng3 Rb2 52. Nh5 Bd8 53. f5 Kc8 54. Nf4 Kb7 55. Rd6 Bc7 56. Rxd5 Bxf4 57. exf4 Rxa2 58. Rb5+ Kc6 59. Rxb4 Ra1 60. Rb8 Kd5 61. Rd8+ Kc6 62. Ke4 Re1+ 63. Kf3 Rg1 64. Rf8 Kd5 65. Rxf6 Kxd4 1-0